000 00596nam a2200241Ia 4500
003 OSt
005 20221005133453.0
006 a|||||r|||| 00| 0
007 ta
008 221004b |||||||| |||| 00| 0 mal d
024 _a59220
037 _cTextual
040 _aCRL
_cCRL
_bmal
041 _2mal
_amal
082 _aY73(Q5):1, 32J0
100 _aOuseph Au.
_9642476
245 0 _aYahudanmar
260 _c1950
650 _a SOCIOLOGY
650 _aMALAYALAM LITERATURE
_938866
942 _hY73(Q5):1, 32J0
_cTEXL
_2cc
999 _c1066920
_d1066920